| 000 | 03179nam0a2200421 4500 | ||
|---|---|---|---|
| 001 | RU\NLR\bibl\1089264 | ||
| 005 | 20260405135646.0 | ||
| 010 |
_a978-5-7339-0633-1 _9100 |
||
| 021 |
_aRU _b2007-24405 _91288 |
||
| 035 | _a(nilc)RSL-KNO-003108516 | ||
| 035 | _a(NLR Aleph) 001076414 | ||
| 090 |
_a1031066 _c1031066 |
||
| 100 | _a20070418d2007 |||y0rusy50 ca | ||
| 101 | 0 | _arus | |
| 102 | _aRU | ||
| 105 | _aa ||||||||| | ||
| 200 | 1 |
_aВосстановление изображений с помощью нейронных сетей _eучебное пособие _e[для студентов старших курсов технических вузов по специальности "Оптические приборы и системы"] _fА.И. Антонец, А.В. Борошнев, А.Н. Сергиевский _gФедер. агентство по образованию, Гос. образоват. учреждение высш. проф. образования "Моск. гос. ин-т радиотехники, электроники и автоматики (техн. ун-т)" |
|
| 210 |
_aМосква _cМосковский государственный институт радиотехники, электроники и автоматики (технический университет) _d2007 |
||
| 215 |
_a63 с. _cил., цв. ил., табл. _d20 |
||
| 320 | _aБиблиогр.: с. 61-62 (16 назв.) | ||
| 606 | 1 |
_aИзображения _jУчебные издания для высших учебных заведений _xВосстановление на нейрокомпьютерах _92476237 _3RU\NLR\auth\661470316 |
|
| 610 | 0 | _aВычислительная техника -- Вычислительные машины электронные цифровые -- Оптоэлектронная обработка информации. Оптическая обработка изображений -- Преобразование и передача сигналов -- Лекции для высшей школы | |
| 610 | 0 | _aнейронные сети | |
| 610 | 0 | _aРадиоэлектроника -- Кибернетика -- Бионика -- Биоэлектрические модели. Нейронные сети -- Применение вычислительных машин. Нейрокомпьютеры -- Лекции для высшей школы | |
| 610 | 0 | _aнейрокомпьютеры | |
| 610 | 0 | _aоптическое восстановление изображений | |
| 686 |
_aЗ973.28-013я73-2 _2rubbk |
||
| 686 |
_aЗ818.6с116я73-2 _2rubbk |
||
| 686 | _aЗ973.235я73-1 | ||
| 700 | 1 |
_4070 _7ca _8rus _aАнтонец _bА. И. _gАлександр Иванович _938953 _3RU\NLR\auth\7756021 |
|
| 701 | 1 |
_4070 _7ca _8rus _aБорошнев _bА. В. _gАлексей Владимирович _938955 _3RU\NLR\auth\7756023 |
|
| 701 | 1 |
_aСергиевский _bА. Н. _gАлександр Николаевич _4070 |
|
| 801 | 0 |
_aRU _bРКП _c20070418 _grcr |
|
| 801 | 1 |
_aRU _bРГБ _c20070418 |
|
| 801 | 2 |
_aRU _bNLR _c20070521 _grcr |
|
| 942 | _cBOOK | ||
| 980 | _aNB | ||